Statistics for U.S. Fighter and Pursuit Jet Nicknames

Click here to take the quiz!

General Stats

  • This quiz has been taken 144 times
  • The average score is 15 of 24

Answer Stats

HintAnswer% Correct
F-15EAGLE
96%
F-22RAPTOR
95%
F-4PHANTOM
90%
P-38LIGHTNING
88%
F-35LIGHTNING
88%
P-51MUSTANG
88%
F-18HORNET
84%
F-14TOMCAT
84%
F-16FALCON
81%
F-117NIGHTHAWK
74%
F-111AARDVARK
66%
F-104STARFIGHTER
63%
F-5TIGER
62%
F-86SABRE
58%
P-47THUNDERBOLT
57%
P-40WARHAWK
41%
P-80SHOOTING STAR
40%
F6FHELLCAT
39%
F-105THUNDERCHIEF
39%
F4FWILDCAT
39%
P-61BLACK WIDOW
33%
F-101VOODOO
29%
F-102DELTA DAGGER
23%
P-2PEASHOOTER
9%

Score Distribution

Percentile by Number Answered

Percent of People with Each Score

Your Score History

You have not taken this quiz